| 000 | 00448nam a2200181Ia 4500 | ||
|---|---|---|---|
| 001 | 16606 | ||
| 005 | 20260306170322.0 | ||
| 008 | 260306t2010||||xx |||||||||||||| ||und|| | ||
| 041 | _aESP | ||
| 082 |
_a348.8 _bG312 |
||
| 100 |
_aGamarra Vilchez, Leopoldo _eAUT |
||
| 245 | 0 | _aManual de la nueva ley procesal del trabajo | |
| 260 | _c2010 | ||
| 300 |
_a2010 páginas : _c24 cm. |
||
| 650 | _aGEN | ||
| 654 | _aCDE | ||
| 942 |
_cLIB _dJUS _fJUS _2ddc _n |
||
| 999 |
_c16606 _d16606 |
||